<?xml version="1.0" encoding="UTF-8"?><?xml-stylesheet type="text/xsl" href="static/style.xsl"?><OAI-PMH xmlns="http://www.openarchives.org/OAI/2.0/" xmlns:xsi="http://www.w3.org/2001/XMLSchema-instance" xsi:schemaLocation="http://www.openarchives.org/OAI/2.0/ http://www.openarchives.org/OAI/2.0/OAI-PMH.xsd"><responseDate>2026-04-18T00:30:51Z</responseDate><request verb="GetRecord" identifier="oai:www.recercat.cat:20.500.12327/5106" metadataPrefix="marc">https://recercat.cat/oai/request</request><GetRecord><record><header><identifier>oai:recercat.cat:20.500.12327/5106</identifier><datestamp>2026-02-28T23:31:50Z</datestamp><setSpec>com_2072_4428</setSpec><setSpec>com_2072_4427</setSpec><setSpec>col_2072_487898</setSpec></header><metadata><record xmlns="http://www.loc.gov/MARC21/slim" xmlns:dcterms="http://purl.org/dc/terms/" xmlns:xsi="http://www.w3.org/2001/XMLSchema-instance" xmlns:doc="http://www.lyncode.com/xoai" xsi:schemaLocation="http://www.loc.gov/MARC21/slim http://www.loc.gov/standards/marcxml/schema/MARC21slim.xsd">
   <leader>00925njm 22002777a 4500</leader>
   <datafield ind2=" " ind1=" " tag="042">
      <subfield code="a">dc</subfield>
   </datafield>
   <datafield ind2=" " ind1=" " tag="720">
      <subfield code="a">Blay-Benach, Miriam</subfield>
      <subfield code="e">author</subfield>
   </datafield>
   <datafield ind2=" " ind1=" " tag="720">
      <subfield code="a">Cuenca-Lara, Patricia</subfield>
      <subfield code="e">author</subfield>
   </datafield>
   <datafield ind2=" " ind1=" " tag="720">
      <subfield code="a">Repullés, Joan</subfield>
      <subfield code="e">author</subfield>
   </datafield>
   <datafield ind2=" " ind1=" " tag="720">
      <subfield code="a">Cervera, Zoraida</subfield>
      <subfield code="e">author</subfield>
   </datafield>
   <datafield ind2=" " ind1=" " tag="720">
      <subfield code="a">Pérez de Val, Bernat</subfield>
      <subfield code="e">author</subfield>
   </datafield>
   <datafield ind2=" " ind1=" " tag="260">
      <subfield code="c">2026-02-04</subfield>
   </datafield>
   <datafield ind2=" " ind1=" " tag="520">
      <subfield code="a">Mycobacterial diseases, including tuberculosis (TB), remain the major health and economic challenges in livestock, underscoring the need to characterise the innate immune mechanisms involved in early bacterial containment. Alveolar macrophages (AMs) are the first line of defence against inhaled mycobacteria, yet the functional links between activation, polarisation, and phagocytic capacity in caprine AMs remain poorly defined. In this study, we compared a pH-dependent live-cell fluorescence assay with a culture-based method to evaluate phagocytosis and clearance of Mycobacterium fortuitum under different immunostimulatory conditions. AMs were stimulated in vitro with LPS or heat-inactivated Mycobacterium bovis (HIMB), and phagocytosis was assessed alongside activation and pro-inflammatory markers. Both approaches showed that LPS stimulation significantly enhanced mycobacterial clearance, despite reduced initial bacterial uptake. Moreover, this improved phagocytic capacity was associated with increased expression of the inducible Nitric Oxide Synthase (iNOS), MHCII, CD80, and CD86, as well as an elevated production of some pro-inflammatory cytokines. In contrast, HIMB induced cytokine secretion but failed to enhance activation markers or bacterial clearance. Collectively, these results establish the first association between pro-inflammatory activation and functional mycobacterial phagocytosis in caprine AMs and validate a robust methodological framework for studying innate immune responses relevant to TB and vaccine development in goats</subfield>
   </datafield>
   <datafield ind1="8" ind2=" " tag="024">
      <subfield code="a">1661-6596</subfield>
   </datafield>
   <datafield ind1="8" ind2=" " tag="024">
      <subfield code="a">https://hdl.handle.net/20.500.12327/5106</subfield>
   </datafield>
   <datafield ind1="8" ind2=" " tag="024">
      <subfield code="a">https://doi.org/10.3390/ijms27031529</subfield>
   </datafield>
   <datafield ind2="0" ind1="0" tag="245">
      <subfield code="a">Phagocytosis of Mycobacterium fortuitum by Caprine Alveolar Macrophages Is Associated with iNOS and Pro-Inflammatory Markers Expression</subfield>
   </datafield>
</record></metadata></record></GetRecord></OAI-PMH>